000
00289nam a2200109Ia 4500
008
250601s9999 xx 000 0 und d
041
_a
eng
100
_a
Sanskrutik Vatapatra
_9
212311
245
_a
Yugpravartak Dr. hedgevar
260
_b
Sanskruti Jgaran mandal, pune
_c
2014
300
_a
271
999
_c
366866
_d
366866